000 00464nam a2200181Ia 4500
008 100920s9999 xx 000 0 und d
082 _b68868
_a18 थ 83
100 _aBristow Alec.
245 _aHOW TO BRING PLANTS.
260 _bHARVILL PRESS, LONDON.
_c1983
300 _a224
_bसाधी
365 _b0
520 _aएन.एस.
630 _aHOW TO BRING PLANTS.
650 _aएन.एस.
730 _aHOW TO BRING PLANTS.
942 _cBOOK
999 _c711115
_d711112